000 00963nas a2200289 4500
001 BR2010002679
003 BR-BrBNA
005 20231205114235.0
007 ta
008 230509b bl.|||p| |||| 00| 00por d
040 _aBR-BrBNA
_bpor
_cBiblioteca Nacional de Agricultura
041 _a(Pt)
072 _aF02
100 1 _aSilva, J. de O.C.
100 1 _aLacerda, G.A.
100 1 _aCastro, E.M. de
100 1 _aChalfun-Júnior, A.
100 1 _aPaiva, L.V.
100 1 _aOliveira, C. de
245 1 _aAplicação de ácido giberélico (GA3)e anatomia da epiderme foliar visando à detecção de variantes somaclonais de bananeira Musa sp. Colla cv. Prata-Anã (Musaceae)
650 _aBANANA
650 _aÁCIDO GIBERÉLICO
650 _aCULTURA IN VITRO
773 0 _tActa Botanica Brasilica (Brazil)
_xISSN 0102-3306
_g(Jan-Mar 2010), v. 24(1) p. 47-52
_wBR2010002679
909 _a202311
_bLúcia
_c55
_dLúcia Elande
942 _2AGRIS
_n0
_cANA
999 _c207775
_d207775